Le tableau de Paris
Saved in:
| Main Author: | |
|---|---|
| Format: | Book |
| Language: | French |
| Published: |
Paris :
La Decouverte,
1989
|
| Series: | La Decouverte ;
; 10 |
| Subjects: | |
| Tags: |
Add Tag
No Tags, Be the first to tag this record!
|
MARC
| LEADER | 00000nam a2200000 i 4500 | ||
|---|---|---|---|
| 001 | 1/105901 | ||
| 008 | 950626s1989 fre d | ||
| 020 | |a 2-7071-1129-5 | ||
| 035 | |l 10013848 | ||
| 040 | |a GR-MY-UA |b gre |e aacr | ||
| 041 | 0 | |a fre | |
| 082 | 0 | |a 914.04 | |
| 100 | 1 | |a Mercier, Louis-Sebastien |d 1740-1814. | |
| 245 | 1 | 3 | |a Le tableau de Paris / |c Louis-Sebastien Mercier ; Introduction et choix des textes par Jeffry Kaplow |
| 260 | |a Paris : |b La Decouverte, |c 1989 | ||
| 300 | |a 351 p. | ||
| 490 | 1 | |a La Decouverte |v ; 10 | |
| 651 | 0 | |a Paris (France) |x Description and travel |y Early works to 1800. | |
| 830 | 0 | |a La Decouverte ; |v ; 10 | |
| 852 | |a INST |b LESVOS |e 19950626 |h 914.04 MER |p 005100008428 |q 005100008428 |t BK |y 0 | ||
| 909 | |a Λ |b 020866 | ||
| 922 | |a 1ΕΛΗ |b 199108 |c ΠΠ/160 | ||